ON FILM EDITING (Record no. 4633)

MARC details
000 -LEADER
fixed length control field 00391nam a22001577a 4500
008 - FIXED-LENGTH DATA ELEMENTS--GENERAL INFORMATION
fixed length control field 260401b |||||||| |||| 00| 0 eng d
020 ## - INTERNATIONAL STANDARD BOOK NUMBER
ISBN 9781138584327
100 ## - MAIN ENTRY--AUTHOR
Author DMYTRYK EDWARD
245 ## - TITLE STATEMENT
Title ON FILM EDITING
260 ## - PUBLICATION, DISTRIBUTION, ETC. (IMPRINT)
Place of publication NEW-YORK
Name of publisher ROUTLEDGE
Date of publication 2019
300 ## - COLLATION
Pagination XXIV, 184P.
Other physical details ILL
650 ## - TRACINGS
Main Subject MOTION PICTURE EDITING
942 ## - ADDED ENTRY ELEMENTS (KOHA)
Item type Books
050 ## - LIBRARY OF CONGRESS CALL NUMBER
Classification number TR 899
Item number .D69
Holdings
Source of classification or shelving scheme Not for loan Permanent location Current location Date acquired Accession No. Full call number Barcode. Copy number Koha item type
Library of Congress Classification   Samuel Ogbemudia Main Library, University of Abuja Samuel Ogbemudia Main Library, University of Abuja 04/01/2026 2024/62513 TR 899 .D69 2026-0119 1 Books
Dewey Decimal Classification   Samuel Ogbemudia Main Library, University of Abuja Samuel Ogbemudia Main Library, University of Abuja 04/01/2026     2026-0120   Books